000 00615nam a2200193 i 4500
001 80395
003 ES-MaACL
005 20251002203813.0
007 t|
008 041027s1928 sp ||||1| spa d
100 1 _aHoeber, Rudolf.
_963910
245 1 0 _aFisiología humana /
_cRudolf Höber ; traducción de la tercera edición alemana por E. Fernández Galiano.
260 _aBarcelona :
_bLabor,
_c1928.
300 _aXI, 691 p. :
_bil. ;
_c23 cm.
650 4 _aFisiología humana.
_912890
700 1 _aFernández Galiano, Emilio,
_d1885-1953
_949799
852 _aES-MaACL
_jE-650
999 _c80395
_d80395